Países que contêm uma letra - AAA+ - Statistics

Estatísticas Gerais
  • Esse quiz foi jogado 282 vezes
  • A pontuação média é 19 de 33
Estatísticas das Respostas
Categoria País % Correto
3 x A Alemanha
84%
3 x A Austrália
84%
3 x A Canadá
82%
5 x A Arábia Saudita
76%
3 x A Afeganistão
72%
3 x A Azerbaijão
66%
3 x A Cazaquistão
65%
3 x A República Dominicana
65%
3 x A Albânia
64%
3 x A Nova Zelândia
64%
3 x A Panamá
63%
3 x A Dinamarca
60%
3 x A Guatemala
60%
3 x A República Democrática do Congo
60%
3 x A Nicarágua
59%
3 x A Paraguai
59%
4 x A República Centro-Africana
59%
3 x A Bahamas
58%
4 x A Madagáscar
57%
4 x A Antígua e Barbuda
55%
3 x A Jamaica
55%
3 x A Tailândia
54%
3 x A Emirados Árabes Unidos
53%
3 x A Santa Lúcia
53%
3 x A Malásia
51%
4 x A Estados Federados da Micronésia
49%
4 x A São Vicente e Granadinas
49%
3 x A Papua Nova Guiné
47%
3 x A Granada
46%
3 x A Ilhas Marshall
45%
3 x A Ilhas Salomão
43%
3 x A Tanzânia
43%
3 x A Mauritânia
41%
Nenhum quiz correspondente encontrado
Distribuição das Pontuações
Porcentagem de Pessoas com Cada Pontuação
Percentil de Números Respondidos
Sua Pontuação Histórica
Você não jogou esse quiz